Statistics for NBA 1995 Playoffs Starters

Click here to take the quiz!

General Stats

  • This quiz has been taken 343 times
  • The average score is 46 of 80

Answer Stats

TeamPlayer% Correct
MagicShaquille O'Neal
100%
PacersReggie Miller
97%
BullsScottie Pippen
97%
Trail BlazersClifford Robinson
95%
SpursDavid Robinson
95%
KnicksPatrick Ewing
95%
SpursAvery Johnson
94%
SunsKevin Johnson
94%
HornetsLarry Johnson
94%
RocketsHakeem Olajuwon
93%
JazzJohn Stockton
93%
JazzKarl Malone
93%
MagicPenny Hardaway
93%
SuperSonicsGary Payton
92%
SuperSonicsShawn Kemp
90%
SunsCharles Barkley
89%
RocketsClyde Drexler
89%
BullsMichael Jordan
88%
SpursDennis Rodman
87%
Trail BlazersHarvey Grant
86%
MagicHorace Grant
86%
KnicksCharles Smith
84%
RocketsKenny Smith
84%
CavaliersMark Price
84%
HawksSteve Smith
84%
HornetsAlonzo Mourning
80%
HawksGrant Long
77%
NuggetsDikembe Mutombo
76%
BullsLuc Longley
76%
KnicksDerek Harper
75%
KnicksCharles Oakley
73%
PacersMark Jackson
73%
MagicNick Anderson
73%
KnicksJohn Starks
72%
CelticsDominique Wilkins
71%
PacersRik Smits
70%
BullsB.J. Armstrong
69%
JazzJeff Hornacek
67%
MagicDennis Scott
66%
SuperSonicsDetlef Schrempf
65%
HornetsMuggsy Bogues
65%
LakersVlade Divac
64%
RocketsRobert Horry
61%
BullsToni Kukoč
61%
CavaliersHot Rod Williams
59%
LakersNick Van Exel
59%
NuggetsReggie Williams
59%
Trail BlazersBuck Williams
58%
PacersDale Davis
54%
SpursSean Elliott
54%
SunsA.C. Green
52%
CelticsDee Brown
44%
LakersCedric Ceballos
41%
CavaliersTyrone Hill
38%
HornetsHersey Hawkins
37%
HawksMookie Blaylock
37%
NuggetsMahmoud Abdul-Rauf
36%
SpursVinny Del Negro
31%
SuperSonicsSam Perkins
27%
LakersElden Campbell
26%
NuggetsJalen Rose
26%
CelticsDino Radja
25%
Trail BlazersRod Strickland
22%
SuperSonicsNate McMillan
21%
SunsWesley Person
20%
PacersDerrick McKey
19%
CelticsSherman Douglas
16%
CavaliersBobby Phills
15%
JazzDavid Benoit
13%
CavaliersChris Mills
11%
CelticsEric Montross
11%
NuggetsRodney Rogers
11%
LakersAnthony Peeler
9%
HawksAndrew Lang
8%
Trail BlazersChris Dudley
8%
HawksTyrone Corbin
8%
HornetsDavid Wingate
7%
SunsJoe Kleine
7%
RocketsPete Chilcutt
7%
JazzJames Donaldson
6%

Score Distribution

Percentile by Number Answered

Percent of People with Each Score

Your Score History

You have not taken this quiz